00790nam a2200205 a 450000100100000000500170001000800410002704000250006808200180009310000340011124501230014526000650026830000210033350400330035465000450038765000440043265000360047665000240051265000480053600003888620240506203333.0130501s2000 dr 000 0 spa d aDO-SdBNPbspacBNPHU a304.28bP644g1 aPimentel Rosario, Irvin Noris10aGuía didáctica :bmujer y medio ambiente, técnicas y ejercicios para el trabajo /cIrvin Noris Pimentel Rosario. aSanto Domingo :bDominicana de Impresos y Publicidad,c2000. a224 p. ;c27 cm. aBibliografía : p. 223-224. 0aMujeres en el desarrollo de la comunidad 4aHombresxInfluencia sobre la naturaleza 4aProtección del medio ambiente 4aEcología aplicada 4aGestión ambientalzRepública Dominicana